CorelDRAW! 3.0 /

Na minha lista:
Detalhes bibliográficos
Autor principal: Lovas, Tibor (Author)
Formato: Livro
Idioma:eslovaco
Publicado em: [Bratislava] : D&D Studio, 1993
Edição:1.vyd.
Tags: Adicionar Tag
Sem tags, seja o primeiro a adicionar uma tag!

MARC

LEADER 00000nam a22000003a 4500
001 stu6178
005 20150617225812.1
008 940617s1993----xo------------------slo-d
020 |a 80-967019-0-8 
040 |a STU  |b slo 
041 0 |a slo 
044 |a xo 
080 |a 681.327.11.06 
080 |a 519.674 
080 |a 519.68 
080 |a CorelDRAW 
100 1 |a Lovas, Tibor  |4 aut 
245 1 |a CorelDRAW! 3.0 /  |c [aut.] Lovas,Tibor 
250 |a 1.vyd. 
260 |a [Bratislava] :  |b D&D Studio,  |c 1993 
300 |a Nestr 
996 |b E79010  |c E*79010  |l EE05  |s P  |a 0  |w stu6178_0001